| 000 | 00857cam a22002171 4500 | ||
|---|---|---|---|
| 001 | ne 63000222 | ||
| 003 | DLC | ||
| 005 | 20260227111740.0 | ||
| 008 | 821103m19619999ua 000 0 ararc | ||
| 010 | _ane 63000222 | ||
| 035 | _a(OCoLC)8919526 | ||
| 040 |
_aPrinceton Univ. Libr. _cTU _dTU _dDLC |
||
| 042 | _apremarc | ||
| 050 | 0 | 0 |
_aKMC194 _b.S23 1961 |
| 100 | 1 | _aṢaddah, ʻAbd al-Munʻim Faraj. | |
| 245 | 1 | 0 |
_aMuḥāḍarāt fī al-qānūn al-madanī, _bal-mulkīyah fī qawānīn al-bilād al-ʻArabīyah, _cal-qāhā ʻAbd al-Munʻim Faraj al-Ṣaddah ʻala ṭalabat qism al-dirāsāt al-qānūnīyah. |
| 260 |
_a[al-Qāhirah] _bJāmiʻat al-Duwal al-ʻArabīyah, Maʻhad al-Dirāsāt al-ʻArabīyah al-ʻĀliyah, _c[1961-] |
||
| 300 |
_av. _c24 cm. |
||
| 505 | 0 | _aTaḥlīl wa-madā ḥaqq al-mulkīyah- | |
| 650 | 0 |
_aProperty _zArab countries. |
|
| 999 |
_c45517 _d45517 |
||